| 000 | 00524nam a22001697a 4500 | ||
|---|---|---|---|
| 003 | MACL | ||
| 005 | 20160423115020.0 | ||
| 008 | 160423b xxu||||| |||| 00| 0 eng d | ||
| 040 | _cMACL | ||
| 041 | _aHindi | ||
| 082 | _a800 | ||
| 100 |
_aसं सुधा अरोडा _953482 |
||
| 245 | _aमन्नू भंडारी सृजन के शिखर | ||
| 260 |
_aदिल्ली _bकिताब घर प्रकाशन _c2012 |
||
| 650 |
_aरचनावली _9163 |
||
| 942 |
_2ddc _cHIN |
||
| 999 |
_c53827 _d53827 |
||